[Event "San Francisco TNM Fall op"]
[Site "San Francisco"]
[Date "2013.10.22"]
[Round "1"]
[White "Morton, Adam B"]
[Black "Morgan, Jerry"]
[Result "1-0"]
[WhiteElo "2033"]
[BlackElo "1625"]
[PlyCount "59"]
[EventDate "2013.10.22"]
[EventType "swiss"]
[EventRounds "9"]
[EventCountry "USA"]
[SourceTitle "EXT 2016"]
[Source "ChessBase"]
[SourceDate "2015.10.08"]
[SourceVersion "1"]
[SourceVersionDate "2015.10.08"]
[SourceQuality "1"]

1. d4 d5 2. c4 c6 3. Nc3 dxc4 4. e4 b5 5. a4 b4 6. Nce2 Nf6 7. Ng3 Ba6 8. Nf3 e6 9. Qc2 Be7 10. Bxc4 Bxc4 11. Qxc4 a5 12. 0-0 0-0 13. h3 Qd6 14. b3 Qd8 15. Be3 Nfd7 16. Rfd1 Bd6 17. Ne2 Qc7 18. Rac1 Rc8 19. Qd3 Be7 20. d5 Ne5 21. Nxe5 Qxe5 22. Bf4 Qf6 23. Bxb8 Raxb8 24. Rxc6 Rxc6 25. dxc6 Bc5 26. c7 Qxf2+ 27. Kh1 Rc8 28. Qd8+ Rxd8 29. Rxd8+ Bf8 30. c8Q 1-0

[Event "San Francisco Neil Falconer op"]
[Site "San Francisco"]
[Date "2013.09.10"]
[Round "6"]
[White "Morton, Adam B"]
[Black "Allen, Tom"]
[Result "1-0"]
[WhiteElo "2033"]
[BlackElo "1574"]
[PlyCount "73"]
[EventDate "2013.08.06"]
[EventType "swiss"]
[EventRounds "9"]
[EventCountry "USA"]
[SourceTitle "EXT 2016"]
[Source "ChessBase"]
[SourceDate "2015.10.08"]
[SourceVersion "1"]
[SourceVersionDate "2015.10.08"]
[SourceQuality "1"]

1. d4 Nf6 2. c4 e5 3. dxe5 Ng4 4. e4 Nxe5 5. f4 Ng6 6. Be3 Bb4+ 7. Nd2 Qe7 8. Bd3 d6 9. Ngf3 0-0 10. Qc2 Na6 11. 0-0 Bc5 12. Bxc5 Nxc5 13. Nd4 Nxd3 14. Qxd3 Bd7 15. Rae1 Qh4 16. g3 Qg4 17. Qf3 Qxf3 18. Rxf3 Rae8 19. Rfe3 Ne7 20. N2f3 g6 21. e5 dxe5 22. Nxe5 Rd8 23. Nxd7 Rxd7 24. Rxe7 Rxd4 25. Rxc7 Rfd8 26. Kf2 Kf8 27. b3 R8d7 28. Rxd7 Rxd7 29. Re5 Rd2+ 30. Re2 Rd7 31. Ke3 f5 32. Rd2 Ke7 33. Rxd7+ Kxd7 34. Kd4 b6 35. Kd5 h6 36. Ke5 Ke7 37. b4 1-0

[Event "San Francisco TNM Spring op"]
[Site "San Francisco"]
[Date "2013.05.07"]
[Round "8"]
[White "Persidsky, Andre"]
[Black "Morton, Adam B"]
[Result "1-0"]
[WhiteElo "1826"]
[BlackElo "2010"]
[PlyCount "61"]
[EventDate "2013.03.19"]
[EventType "swiss"]
[EventRounds "8"]
[EventCountry "USA"]
[SourceTitle "EXT 2016"]
[Source "ChessBase"]
[SourceDate "2015.10.08"]
[SourceVersion "1"]
[SourceVersionDate "2015.10.08"]
[SourceQuality "1"]

1. d4 d5 2. Nf3 Nf6 3. e3 e6 4. c4 c6 5. Nc3 Nbd7 6. Bd3 dxc4 7. Bxc4 b5 8. Bd3 Bb7 9. 0-0 a6 10. a3 c5 11. dxc5 Nxc5 12. Bc2 Qc7 13. Qe2 Nce4 14. Nxe4 Nxe4 15. Nd4 Bd6 16. f4 Rc8 17. Bb3 0-0 18. Bd2 Qe7 19. Ba5 Nc5 20. Bc2 Bd5 21. e4 Bc4 22. Qh5 g6 23. Qh6 Bxf1 24. Bc3 e5 25. fxe5 Bxe5 26. Rxf1 Bg7 27. Nf5 Bxc3 28. Nxe7+ Kh8 29. Nxc8 Bd4+ 30. Kh1 Rxc8 31. Rxf7 1-0

[Event "San Francisco TNM Spring op"]
[Site "San Francisco"]
[Date "2013.04.23"]
[Round "6"]
[White "Byambaa, Uyanga"]
[Black "Morton, Adam B"]
[Result "1/2-1/2"]
[WhiteElo "2113"]
[BlackElo "2010"]
[PlyCount "118"]
[EventDate "2013.03.19"]
[EventType "swiss"]
[EventRounds "8"]
[EventCountry "USA"]
[SourceTitle "EXT 2016"]
[Source "ChessBase"]
[SourceDate "2015.10.08"]
[SourceVersion "1"]
[SourceVersionDate "2015.10.08"]
[SourceQuality "1"]

1. e4 e5 2. Nf3 Nc6 3. Bc4 Nf6 4. Ng5 d5 5. exd5 b5 6. Bf1 Nd4 7. c3 Nxd5 8. cxd4 Qxg5 9. Bxb5+ Bd7 10. Bxd7+ Kxd7 11. 0-0 Nf4 12. Qf3 e4 13. Qxe4 Bd6 14. Nc3 Rae8 15. Qf3 Re6 16. d3 Rg6 17. Bxf4 Bxf4 18. Qd5+ Bd6 19. Qxg5 Rxg5 20. Rfe1 Rb8 21. Re2 Rb4 22. d5 Rd4 23. Re3 Rb4 24. Rb1 Be5 25. Ne4 Rh5 26. b3 Bxh2+ 27. Kf1 Bf4 28. Rh3 Rxh3 29. gxh3 f5 30. Nc5+ Kd6 31. Ne6 Be5 32. Rc1 Kxd5 33. Nxc7+ Kd6 34. Kg2 Rb7 35. Na6 Rb6 36. Nc5 Bd4 37. Na4 Rc6 38. Rc4 Kd5 39. Kf3 g5 40. Kg2 h5 41. f3 Re6 42. Rc2 Re3 43. Rd2 Re1 44. Kh2 Re6 45. b4 Ra6 46. Nc5 Bxc5 47. bxc5 Kxc5 48. Rg2 Rg6 49. h4 g4 50. fxg4 fxg4 51. Rc2+ Kd5 52. Rc7 Ra6 53. Rh7 Rxa2+ 54. Kg3 Kd4 55. Rxh5 Kxd3 56. Rc5 Kd4 57. Rc7 Ke5 58. Kxg4 Kf6 59. h5 Ra4+ 1/2-1/2

[Event "San Francisco TNM Spring op"]
[Site "San Francisco"]
[Date "2013.03.26"]
[Round "2"]
[White "Morton, Adam B"]
[Black "Hakobyan, Sos"]
[Result "1-0"]
[WhiteElo "2010"]
[BlackElo "1791"]
[PlyCount "115"]
[EventDate "2013.03.19"]
[EventType "swiss"]
[EventRounds "8"]
[EventCountry "USA"]
[SourceTitle "EXT 2016"]
[Source "ChessBase"]
[SourceDate "2015.10.08"]
[SourceVersion "1"]
[SourceVersionDate "2015.10.08"]
[SourceQuality "1"]

1. d4 Nf6 2. c4 c5 3. d5 g6 4. Nc3 Bg7 5. e4 d6 6. h3 h5 7. Nf3 a6 8. a4 b6 9. Bf4 Nbd7 10. Bd3 Ra7 11. Qe2 Nh7 12. 0-0 0-0 13. e5 dxe5 14. Nxe5 Bxe5 15. Bxe5 Nxe5 16. Qxe5 Qd6 17. f4 Qxe5 18. fxe5 Kg7 19. a5 Rb7 20. Rf2 f6 21. e6 Rd8 22. axb6 Rxb6 23. Na4 Rbd6 24. Nxc5 Ng5 25. Bc2 f5 26. Kh2 Rf8 27. Na4 Rf6 28. Nc3 Rb6 29. b3 Ne4 30. Nxe4 fxe4 31. Re2 Rf4 32. Rae1 a5 33. Rxe4 Rxe4 34. Rxe4 Rd6 35. Rf4 Kh6 36. Rf7 Bxe6 37. dxe6 Rxe6 38. Rf2 Re3 39. Rd2 Rc3 40. Re2 Kg5 41. Kg1 Kf6 42. Kf2 g5 43. Ke1 g4 44. hxg4 hxg4 45. Kd2 Rg3 46. Kc1 e5 47. Kb2 Ke6 48. Ka3 Kd6 49. Ka4 Kc5 50. Rxe5+ Kd4 51. Re2 Kc5 52. Kxa5 Rc3 53. Ka4 Rg3 54. Bf5 Rc3 55. Re5+ Kd6 56. Rd5+ Kc6 57. Kb4 Re3 58. Bxg4 1-0

[Event "San Francisco TNM Fall op"]
[Site "San Francisco"]
[Date "2012.12.11"]
[Round "9"]
[White "Morton, Adam B"]
[Black "Standen, Julian"]
[Result "1-0"]
[WhiteElo "1894"]
[BlackElo "1725"]
[PlyCount "59"]
[EventDate "2012.10.16"]
[EventType "swiss"]
[EventRounds "9"]
[EventCountry "USA"]
[SourceTitle "EXT 2014"]
[Source "ChessBase"]
[SourceDate "2013.11.20"]
[SourceVersion "1"]
[SourceVersionDate "2013.11.20"]
[SourceQuality "1"]

1. d4 d5 2. c4 c6 3. Nc3 Nf6 4. e3 a6 5. Qc2 Bg4 6. c5 e6 7. Nge2 Bf5 8. Qb3 Qc7 9. Ng3 Bg6 10. f4 Nbd7 11. Be2 Be7 12. 0-0 0-0 13. f5 exf5 14. Nxf5 Rae8 15. Qd1 Ne4 16. Nxe4 dxe4 17. Nxe7+ Rxe7 18. Bd2 Nf6 19. Be1 Qd7 20. Bh4 Re6 21. Bxf6 gxf6 22. Bg4 f5 23. Bxf5 Bxf5 24. Rxf5 Rg6 25. Qh5 Re8 26. Raf1 Ree6 27. Rxf7 Qxf7 28. Rxf7 Kxf7 29. Qxh7+ Rg7 30. Qf5+ 1-0

[Event "San Francisco TNM Marathon op"]
[Site "San Francisco"]
[Date "2012.08.14"]
[Round "3"]
[White "Campers, William"]
[Black "Morton, Adam B"]
[Result "0-1"]
[WhiteElo "1683"]
[BlackElo "1891"]
[PlyCount "44"]
[EventDate "2012.07.31"]
[EventType "swiss"]
[EventRounds "9"]
[EventCountry "USA"]
[SourceTitle "EXT 2014"]
[Source "ChessBase"]
[SourceDate "2013.11.20"]
[SourceVersion "1"]
[SourceVersionDate "2013.11.20"]
[SourceQuality "1"]

1. e4 e5 2. Nf3 Nc6 3. Bb5 a6 4. Ba4 Nf6 5. d3 d6 6. c3 g6 7. Bg5 Bg7 8. Qc1 h6 9. Bd2 Bg4 10. Bd1 Qd7 11. Na3 0-0-0 12. 0-0 d5 13. h3 Bxf3 14. Bxf3 dxe4 15. Be2 exd3 16. Bd1 Nd5 17. Bg4 f5 18. Bd1 Kb8 19. Nc4 e4 20. Re1 Ne5 21. Ne3 Nxe3 22. Bxe3 d2 0-1

[Event "San Francisco TNM Summer op"]
[Site "San Francisco"]
[Date "2012.06.19"]
[Round "5"]
[White "Standen, Julian"]
[Black "Morton, Adam B"]
[Result "1/2-1/2"]
[WhiteElo "1637"]
[BlackElo "1878"]
[PlyCount "99"]
[EventDate "2012.05.22"]
[EventType "swiss"]
[EventRounds "8"]
[EventCountry "USA"]
[SourceTitle "EXT 2014"]
[Source "ChessBase"]
[SourceDate "2013.11.20"]
[SourceVersion "1"]
[SourceVersionDate "2013.11.20"]
[SourceQuality "1"]

1. d4 d5 2. Nf3 Nf6 3. e3 e6 4. Bd3 c5 5. c3 Nc6 6. Nbd2 Bd6 7. 0-0 0-0 8. dxc5 Bxc5 9. e4 e5 10. h3 a5 11. exd5 Nxd5 12. Ne4 Be7 13. Bg5 h6 14. Bxe7 Qxe7 15. Re1 Rd8 16. Qc2 Ndb4 17. cxb4 Nxb4 18. Qc5 Qxc5 19. Nxc5 Nxd3 20. Rad1 Bf5 21. Nxd3 Rxd3 22. Rxd3 Bxd3 23. Nxe5 Bf5 24. Rc1 f6 25. Nf3 Rd8 26. Kf1 Kf7 27. Rc7+ Rd7 28. Rxd7+ Bxd7 29. h4 Ke6 30. Ke1 Kd5 31. Kd2 g5 32. hxg5 hxg5 33. Ke3 b5 34. a3 b4 35. axb4 axb4 36. g3 Bg4 37. Nd2 Bf5 38. f4 g4 39. Nb3 Bc2 40. Nd2 f5 41. Nf1 Bb3 42. Nd2 Bc4 43. Nb1 Kc5 44. Nd2 Be6 45. Nb1 Bd5 46. Nd2 Bc6 47. Nb3+ Kc4 48. Nd2+ Kc5 49. Nb3+ Kd5 50. Nd2 1/2-1/2

[Event "San Francisco TNM Summer op"]
[Site "San Francisco"]
[Date "2012.06.12"]
[Round "4"]
[White "Lopez, Jorge R"]
[Black "Morton, Adam B"]
[Result "1-0"]
[WhiteElo "2182"]
[BlackElo "1878"]
[PlyCount "71"]
[EventDate "2012.05.22"]
[EventType "swiss"]
[EventRounds "8"]
[EventCountry "USA"]
[SourceTitle "EXT 2014"]
[Source "ChessBase"]
[SourceDate "2013.11.20"]
[SourceVersion "1"]
[SourceVersionDate "2013.11.20"]
[SourceQuality "1"]

1. d4 d5 2. c4 c6 3. cxd5 cxd5 4. Nc3 Nf6 5. Nf3 Nc6 6. g3 Bf5 7. Bg2 e6 8. 0-0 h6 9. Qb3 Qd7 10. Ne5 Nxe5 11. dxe5 Ng4 12. e4 dxe4 13. Bf4 Bc5 14. Nxe4 Bxe4 15. Bxe4 Bxf2+ 16. Rxf2 Qd4 17. Qf3 Nxf2 18. Bxb7 Nh3+ 19. Kh1 Rd8 20. Bc6+ Kf8 21. Be3 Qxe5 22. Rf1 f6 23. b4 h5 24. Bxa7 Kf7 25. a4 h4 26. g4 Ng5 27. Qe3 Qd6 28. b5 Kg8 29. Bc5 Qd2 30. Qxd2 Rxd2 31. a5 Rc2 32. Bg1 Kf7 33. a6 Ke7 34. a7 Rxc6 35. bxc6 Kd6 36. Rb1 1-0

[Event "San Francisco TNM Spring op"]
[Site "San Francisco"]
[Date "2012.04.24"]
[Round "7"]
[White "Morton, Adam B"]
[Black "Anderson, Michael Gene"]
[Result "1-0"]
[WhiteElo "1849"]
[BlackElo "1908"]
[PlyCount "53"]
[EventDate "2012.03.13"]
[EventType "swiss"]
[EventRounds "8"]
[EventCountry "USA"]
[SourceTitle "EXT 2014"]
[Source "ChessBase"]
[SourceDate "2013.11.20"]
[SourceVersion "1"]
[SourceVersionDate "2013.11.20"]
[SourceQuality "1"]

1. d4 Nf6 2. c4 g6 3. Nc3 Bg7 4. e4 d6 5. f3 0-0 6. Nge2 c5 7. Be3 Nc6 8. Qd2 Na5 9. b3 cxd4 10. Nxd4 Nc6 11. Be2 Qa5 12. 0-0 Qh5 13. Nd5 Nxd5 14. cxd5 Nxd4 15. Bxd4 Be5 16. Bxe5 Qxe5 17. Rac1 f5 18. Rc4 f4 19. Rfc1 Qg5 20. Kh1 h5 21. Bf1 h4 22. Rc7 Kf7 23. Qb2 Qh5 24. Rxe7+ Kxe7 25. Qg7+ Rf7 26. Rc7+ Kd8 27. Rxf7 1-0

[Event "San Francisco TNM Spring op"]
[Site "San Francisco"]
[Date "2012.04.10"]
[Round "5"]
[White "Morton, Adam B"]
[Black "Krasnov, Steven Lender"]
[Result "1-0"]
[WhiteElo "1849"]
[BlackElo "2033"]
[PlyCount "134"]
[EventDate "2012.03.13"]
[EventType "swiss"]
[EventRounds "8"]
[EventCountry "USA"]
[SourceTitle "EXT 2014"]
[Source "ChessBase"]
[SourceDate "2013.11.20"]
[SourceVersion "1"]
[SourceVersionDate "2013.11.20"]
[SourceQuality "1"]

1. d4 d5 2. c4 e6 3. Nc3 Be7 4. Bf4 Nf6 5. Qc2 0-0 6. 0-0-0 a6 7. e3 dxc4 8. e4 b5 9. d5 Bd7 10. g4 exd5 11. e5 Ne8 12. Nxd5 Bg5 13. Nh3 Bxf4+ 14. Nhxf4 c6 15. Ne3 Qg5 16. Qe4 f5 17. gxf5 Bxf5 18. Qd4 Bd7 19. Neg2 Nc7 20. Kb1 Bf5+ 21. Ka1 Nd7 22. Qd6 Rac8 23. e6 Nb8 24. h4 Qf6 25. Re1 Rfd8 26. Qc5 Nxe6 27. Nxe6 Bxe6 28. Ne3 Rd2 29. Qb4 Rcd8 30. Be2 c5 31. Qc3 Nc6 32. Rhg1 Kf7 33. Qc1 Nd4 34. Bd1 Rd3 35. Rg5 Nf5 36. Ng4 Qd4 37. Bc2 h6 38. Ne5+ Kf8 39. Rg4 Qd6 40. Bxd3 cxd3 41. Qd2 Nd4 42. Rxd4 cxd4 43. Qxd3 Kg8 44. f4 Qd5 45. b3 Rf8 46. Ng6 Bf5 47. Ne7+ Kh7 48. Qg3 Qc5 49. Kb2 Qc2+ 50. Ka3 a5 51. Nxf5 b4+ 52. Ka4 Qxa2+ 53. Kb5 Rxf5+ 54. Re5 Rxe5+ 55. fxe5 Qe2+ 56. Kxa5 d3 57. Qf4 Kg8 58. Qc4+ Kh7 59. e6 Qe5+ 60. Kxb4 Qd6+ 61. Kc3 d2 62. Qe4+ Kg8 63. e7 Qxe7 64. Qc4+ Qf7 65. Qxf7+ Kxf7 66. Kxd2 Ke6 67. h5 Kd5 1-0

[Event "San Francisco TNM Winter op"]
[Site "San Francisco"]
[Date "2012.01.31"]
[Round "5"]
[White "Morton, Adam B"]
[Black "McCann, Jeff"]
[Result "0-1"]
[WhiteElo "1849"]
[BlackElo "2058"]
[PlyCount "46"]
[EventDate "2012.01.03"]
[EventType "swiss"]
[EventRounds "8"]
[EventCountry "USA"]
[SourceTitle "EXT 2014"]
[Source "ChessBase"]
[SourceDate "2013.11.20"]
[SourceVersion "1"]
[SourceVersionDate "2013.11.20"]
[SourceQuality "1"]

1. d4 Nf6 2. c4 e6 3. Nf3 h6 4. g3 b6 5. Bg2 Bb7 6. 0-0 c5 7. d5 exd5 8. Nh4 g6 9. Nc3 Bg7 10. Re1 0-0 11. Nxd5 Nxd5 12. Bxd5 Bxd5 13. Qxd5 Nc6 14. Rd1 Re8 15. Kf1 Qf6 16. a4 Qe6 17. Qxe6 dxe6 18. Rb1 Red8 19. Rxd8+ Rxd8 20. Ke1 Na5 21. b3 Bc3+ 22. Kf1 Rd1+ 23. Kg2 Bd2 0-1

[Event "San Francisco TNM Winter op"]
[Site "San Francisco"]
[Date "2012.01.10"]
[Round "2"]
[White "Morton, Adam B"]
[Black "Wong, Russell"]
[Result "0-1"]
[WhiteElo "1849"]
[BlackElo "2200"]
[PlyCount "68"]
[EventDate "2012.01.03"]
[EventType "swiss"]
[EventRounds "8"]
[EventCountry "USA"]
[SourceTitle "EXT 2014"]
[Source "ChessBase"]
[SourceDate "2013.11.20"]
[SourceVersion "1"]
[SourceVersionDate "2013.11.20"]
[SourceQuality "1"]

1. d4 Nf6 2. c4 d6 3. Nc3 g6 4. e4 Bg7 5. f3 a5 6. Nge2 Na6 7. Ng3 c6 8. Be3 Qc7 9. Be2 Bd7 10. Qd2 Rb8 11. c5 b5 12. cxb6 Qxb6 13. 0-0 Nc7 14. Rab1 0-0 15. Rfd1 Qb4 16. Bh6 Ne6 17. d5 cxd5 18. Nxd5 Nxd5 19. Bxg7 Kxg7 20. Qxd5 Rfc8 21. Qd2 Nc5 22. Qxb4 Rxb4 23. b3 a4 24. bxa4 Rxa4 25. Rb2 f6 26. Kf2 Rca8 27. Rdd2 Be6 28. Bb5 Rxa2 29. Rxa2 Rxa2 30. Rxa2 Bxa2 31. Nf1 Kf7 32. Ne3 e6 33. Ke2 Bb3 34. Kd2 f5 0-1